000 00460nmm a2200169Ia 4500
008 251105s9999||||xx |||||||||||||||||und||
020 _a9788475226552
041 _aspa
100 _aGuerrero, Pablo
245 0 _aEscrito en una piedra
264 _a[Madrid, España] :
_bVisor Libros,
_c2008
300 _a84 páginas
490 _aVisor de Poesía
650 _aSpanish poetry
856 _uhttps://public.digitaliapublishing.com/a/41096
942 _cCF
999 _c84989
_d84989